00610nam a22001457a 4500003000400000005001700004008004100021040001400062100003300076245019100109260000900300300002700309500010100336504002700437OSt20171010095438.0120604t xxu||||| |||| 00| 0 eng d aMMSUcULS aSebastian, Charmaine Joy P.  aIsolation and characterization of bacteria associated with the rhizosphere zone of potential phytoremediation plants identified at the Laoag Sanitary landfilcCharmaine Joy P. Sebastian  c2007 axv, 39 leaves c28 cm. aThesis (BS Biology) -- Mariano Marcos State University-College of Arts and Sciences, Batac City  aBibliography: leaf 25